00834nac a22002291u 4500010001600000020001500016082001600031090001500047100003400062245010100096260004500197300003500242500002700277504005100304511002800355650003300383650002800416700002300444942001800467999001500485952010400500 a 93018311 a025612072200a658.45bSME c7093d7093 aSmeltzer, Larry R. 10aManagerial communication :bstrategies and applications /cLarry R. Smeltzer, Donald J. Leonard. aBurr Ridge, Ill. :bIrwin,c1994.cc1994. axxvi, 502 p. :bill. ;c25 cm. aDistributer: Al-Ahram. aIncludes bibliographical references and index. aCatalogued By: Mahitab. 0aCommunication in management. 0aBusiness communication.1 aLeonard, Donald J. cBBk658.45SME c7093d7093 00104070aMAINbMAINc1STd2007-12-17ePurchasel0o658.45SMEp000008742r2025-07-15 00:00:00yBB